[Event "Washington Class Championships"]
[Site "Lynnwood, WA"]
[Date "2016.11.27"]
[Round "6"]
[White "Jiang Brandon  (WA)"]
[Black "Anthony Ralph  (WA)"]
[Result "0-1"]
[WhiteElo "1455"]
[BlackElo "1601"]
[Annotator ""]
[Source ""]
[Remark "Class B"]

1.e4 d6 2.d4 Nf6 3.Nc3 g6 4.f4 Bg7 5.Nf3 c5 6.Be3 Ng4 7.Bg1 Qa5
8.a3 Nc6 9.h3 Nf6 10.Qd3 cxd4 11.Nxd4 O-O 12.O-O-O Bd7 13.Be2
Rac8 14.Nb3 Qd8 15.g4 a6 16.g5 Nxe4 17.Qxe4 Bf5 18.Qf3 Na5 19.Nxa5
Rxc3 20.bxc3 Qxa5 21.Kb2 Rc8 22.Bd4 e5 23.c4 exd4 24.Bd3 Qc3+
25.Ka2 Rxc4 26.Qxb7 Ra4 27.Qb3 Be6 28.Rhe1 Bxb3+ 29.cxb3 Ra5
30.Rc1 Qd2+ 31.Bc2 Rc5 32.Kb1 d3 33.Re8+ Bf8 34.Rce1 dxc2+ 0-1

[Event "Washington Class Championships"]
[Site "Lynnwood, WA"]
[Date "2016.11.27"]
[Round "6"]
[White "Doknjas Joshua  (CAN)"]
[Black "Pupols Viktors  (WA)"]
[Result "0-1"]
[WhiteElo "2236"]
[BlackElo "2200"]
[Annotator ""]
[Source ""]
[Remark "Master"]

1.e4 c6 2.Nc3 d5 3.Nf3 Bg4 4.h3 Bh5 5.exd5 cxd5 6.Bb5+ Nc6 7.g4
Bg6 8.Ne5 Rc8 9.d4 e6 10.h4 f6 11.Nxg6 hxg6 12.Qe2 Kf7 13.Be3
Bb4 14.Qd3 Nge7 15.Kf1 Bxc3 16.bxc3 Qa5 17.Bd2 a6 18.c4 Qc7 19.Bxc6
dxc4 20.Qxc4 Qxc6 21.Qxc6 Rxc6 22.Rc1 Rhc8 23.c3 Nd5 24.Rh3 b5
25.a3 Nb6 26.Ke2 Rc4 27.f4 Ra4 28.Ra1 Nc4 29.Bc1 Nd6 30.Re3 Rh8
31.Rh3 f5 32.g5 Rc8 33.Rd3 Ne4 34.Bd2 Rac4 35.Rc1 Ke7 36.Be1
Kd6 37.Bd2 Kd5 38.Rf3 Ra4 39.Rb1 Nd6 40.Rb4 Rxb4 41.cxb4 Rc2
42.Kd1 Ra2 43.Rd3 Ne4 44.Bc1 Rh2 45.Rf3 Rxh4 46.Kc2 Rh2+ 47.Kb1
Kxd4 48.Rf1 Nd2+ 49.Bxd2 Rxd2 50.Rc1 e5 0-1

[Event "Washington Class Championships"]
[Site "Lynnwood, WA"]
[Date "2016.11.27"]
[Round "6"]
[White "Kuhner Mary  (WA)"]
[Black "Doknjas Neil  (CAN)"]
[Result "1-0"]
[WhiteElo "1979"]
[BlackElo "1960"]
[Annotator ""]
[Source ""]
[Remark "Expert"]

1.e4 c5 2.Nf3 d6 3.c3 Nf6 4.h3 Nc6 5.Bd3 e6 6.Bc2 Be7 7.O-O O-O
8.Re1 b6 9.d4 cxd4 10.cxd4 Bb7 11.Nc3 Rc8 12.Bg5 Nd7 13.Bxe7
Qxe7 14.Rc1 Nf6 15.Bb1 Qd7 16.Re2 e5 17.d5 Na5 18.b3 Ba6 19.Rb2
b5 20.b4 Nc4 21.Re2 Nh5 22.Bd3 Nf4 23.Bxc4 Rxc4 24.Rec2 Rxb4
25.Nd2 f5 26.Ne2 Nd3 27.Rc7 Qd8 28.R1c6 Nc5 29.Nb3 Nxb3 30.axb3
Qb8 31.Re7 Bc8 32.Rcc7 Rf6 33.Rxg7+ Kf8 34.Qd2 Rg6 35.Rgf7+ Kg8
36.Qxb4 f4 37.Nxf4 exf4 38.Qd4 Qxc7 39.Rxc7 Bxh3 40.Qxa7 1-0

[Event "Washington Class Championships"]
[Site "Lynnwood, WA"]
[Date "2016.11.27"]
[Round "6"]
[White "Patton Lorenzo  (WA)"]
[Black "Hazra Rishi  (WA)"]
[Result "1/2-1/2"]
[WhiteElo "1114"]
[BlackElo "1255"]
[Annotator ""]
[Source ""]
[Remark "Class D"]

1.e4 c5 2.Nf3 Nc6 3.d3 g6 4.Nc3 Bg7 5.Bd2 e6 6.Be2 Nge7 7.O-O
d5 8.Bf4 O-O 9.Qc1 d4 10.Nd1 e5 11.Bh6 Bg4 12.Bxg7 Kxg7 13.c3
Qd7 14.Qg5 Bxf3 15.Bxf3 Qe6 16.cxd4 cxd4 17.Bg4 Qf6 18.Qxf6+
Kxf6 19.f4 exf4 20.Rxf4+ Kg7 21.Nf2 f5 22.exf5 Nxf5 23.Bxf5 Rxf5
24.Rxf5 gxf5 25.g4 fxg4 26.Nxg4 Re8 27.Rc1 Re2 28.Rb1 Rd2 29.Nf2
Ne5 30.Re1 Nxd3 31.Nxd3 Rxd3 32.Re7+ Kg6 33.Rxb7 Rd2 34.Rxa7
Rxb2 35.Rd7 Rb4 36.Kf2 Ra4 37.Kg1 h5 38.Rd6+ Kf5 39.Rd5+ Ke4
40.Rxh5 Ke3 41.Re5+ Kd2 42.h4 d3 43.h5 Rxa2 44.h6 Ra6 45.h7 Rh6
46.Re7 Kd1 47.Rd7 1/2-1/2

[Event "Washington Class Championships"]
[Site "Lynnwood, WA"]
[Date "2016.11.27"]
[Round "6"]
[White "Beck Alec  (WA)"]
[Black "Campbell Tim  (WA)"]
[Result "0-1"]
[WhiteElo "1661"]
[BlackElo "1792"]
[Annotator ""]
[Source ""]
[Remark "Class B"]

1.d4 d5 2.c4 e6 3.Nf3 Nf6 4.a3 Nbd7 5.Nc3 c6 6.cxd5 Nxd5 7.Nxd5
cxd5 8.Bf4 Qa5+ 9.Qd2 Qxd2+ 10.Nxd2 Be7 11.e3 O-O 12.Bd3 Bf6
13.Nf3 Re8 14.O-O e5 15.dxe5 Bxe5 16.Nxe5 Nxe5 17.Bb5 Nc6 18.Rac1
Re6 19.Rfd1 Ne7 20.Bc4 g5 21.Bxd5 Nxd5 22.Rxd5 gxf4 23.Rd8+ Kg7
24.Rdxc8 Rxc8 25.Rxc8 fxe3 26.fxe3 Rxe3 27.Rc3 Rxc3 28.bxc3 Kf6
29.Kf2 Ke5 30.Ke3 f5 31.g3 Kd5 32.Kd3 b5 33.h3 h5 34.h4 a6 35.Ke3
Kc4 36.Kf4 Kxc3 37.Kg5 a5 38.Kxh5 b4 39.axb4 axb4 40.Kg6 b3 41.h5
b2 42.h6 b1Q 43.h7 f4+ 44.Kg7 Qxh7+ 0-1

[Event "Washington Class Championships"]
[Site "Lynnwood, WA"]
[Date "2016.11.27"]
[Round "6"]
[White "Zhang Brendan  (WA)"]
[Black "Bragg David  (WA)"]
[Result "0-1"]
[WhiteElo "2008"]
[BlackElo "2200"]
[Annotator ""]
[Source ""]
[Remark "Master"]

1.d4 Nf6 2.c4 c5 3.d5 b5 4.cxb5 a6 5.bxa6 Bxa6 6.Nc3 g6 7.e4
d6 8.Nf3 Bxf1 9.Kxf1 Bg7 10.g3 O-O 11.Kg2 Qb6 12.Qe2 Nbd7 13.a4
Rfb8 14.Nb5 Ne8 15.Ra3 Nc7 16.Nxc7 Qxc7 17.b3 Rb7 18.Bb2 Bxb2
19.Qxb2 c4 20.Rc1 Qc5 21.Qa1 Rb4 22.a5 Nf6 23.bxc4 Nxe4 24.Qd4
Rb7 25.Qxc5 Nxc5 26.Nd4 Kf8 27.Kf3 e5 28.Nb5 Ra6 29.Rb1 f5 30.Ke3
g5 31.f4 exf4+ 32.gxf4 g4 33.Kd4 Ne4 34.Rbb3 h5 35.Re3 h4 36.Nc3
Nc5 37.Nb5 Ne4 38.Kd3 g3 39.hxg3 hxg3 40.Re2 Nf2+ 41.Ke3 Re7+
42.Kf3 g2 43.Ra1 Rxe2 44.Kxe2 Nh3 45.Kf3 Rxa5 46.Kxg2 Nxf4+ 47.Kf3
Rxa1 48.Kxf4 Rf1+ 49.Ke3 Ke7 50.Nd4 Kf6 51.Nb5 Ke5 52.Ke2 Rc1
53.Kd3 f4 0-1

[Event "Washington Class Championships"]
[Site "Lynnwood, WA"]
[Date "2016.11.27"]
[Round "6"]
[White "Zavortnik Matt  (OR)"]
[Black "Haining Kyle  (WA)"]
[Result "1/2-1/2"]
[WhiteElo "2132"]
[BlackElo "2273"]
[Annotator ""]
[Source ""]
[Remark "Master"]

1.d4 g6 2.e4 Bg7 3.Nf3 d6 4.Bc4 Nf6 5.Qe2 O-O 6.O-O Bg4 7.e5
dxe5 8.dxe5 Nfd7 9.e6 Ne5 10.exf7+ Kh8 11.Nbd2 Nbc6 12.Qe4 Bf5
13.Qh4 e6 14.Qxd8 Raxd8 15.Nxe5 Nxe5 16.Bb3 Rxf7 17.h3 g5 18.Nc4
Nxc4 19.Bxc4 h6 20.c3 a6 21.Be3 Rfd7 22.Be2 Bd3 23.Rfe1 Bxe2
24.Rxe2 Kg8 25.Kf1 Kf7 26.Ree1 Rd5 27.Ke2 b5 28.Red1 Ke7 29.Rac1
Rxd1 30.Rxd1 Rxd1 31.Kxd1 Kd6 32.Kc2 Kd5 33.Kd3 c5 34.Bd2 c4+
35.Ke3 e5 36.Kf3 Bf6 37.Be3 h5 38.g4 e4+ 39.Ke2 hxg4 40.hxg4
Kc6 41.Bd2 a5 42.Be3 b4 43.Kd2 Kb5 44.Kc2 Ka4 45.Bc1 b3+ 46.axb3+
cxb3+ 47.Kd2 Be5 48.Ke2 Kb5 49.Bxg5 Bxc3 50.Bc1 Bd4 51.f3 exf3+
52.Kxf3 Kc4 53.Ke2 a4 54.g5 Bh8 55.Ke3 Bg7 56.Ke2 Be5 57.Ke3
a3 1/2-1/2

[Event "Washington Class Championships"]
[Site "Lynnwood, WA"]
[Date "2016.11.27"]
[Round "6"]
[White "Karis-Sconyers Eleanor  (WA)"]
[Black "Soetedjo Christopher  (WA)"]
[Result "0-1"]
[WhiteElo "808"]
[BlackElo "713"]
[Annotator ""]
[Source ""]
[Remark "Class E"]

1.e4 e5 2.Nf3 Nc6 3.Bc4 Bc5 4.c3 Nf6 5.d3 d6 6.Bg5 h6 7.Bxf6
Qxf6 8.Nbd2 Bg4 9.h3 Bh5 10.g4 Bg6 11.Nb3 O-O-O 12.Qd2 h5 13.Nh2
hxg4 14.Nxg4 Qe7 15.O-O-O Bh5 16.d4 exd4 17.cxd4 Bb6 18.Rhe1
Bxg4 19.hxg4 Rh6 20.f4 f6 21.d5 Nb8 22.Rg1 Qxe4 23.Rde1 Qxc4+
24.Kb1 Qb5 25.f5 Bxg1 26.Rxg1 Rhh8 27.Re1 Rde8 28.Re6 Rxe6 29.dxe6
Re8 30.Qh2 Qf1+ 31.Nc1 Qf3 32.Qh5 Qe4+ 33.Ka1 Rxe6 34.fxe6 Qxe6
35.Qg6 Qe7 36.Kb1 d5 37.Qf5+ Qd7 38.Nd3 Qxf5 39.gxf5 Kd7 40.Kc2
Kd6 41.Kc3 Nc6 42.b4 Ne7 43.Nc5 b6 44.Nd3 Nxf5 45.Kd2 g5 46.Ke2
Nd4+ 47.Ke3 Ne6 48.a4 f5 49.Kf3 c5 50.bxc5+ bxc5 51.Nb2 Nd4+
52.Ke3 g4 53.Kf2 f4 54.Kg2 Ke5 55.Kf2 g3+ 56.Kg2 Ke4 57.Kf1 f3
58.Ke1 g2 59.Kf2 Ne2 60.Ke1 g1Q+ 61.Kd2 Qc1# 0-1

[Event "Washington Class Championships"]
[Site "Lynnwood, WA"]
[Date "2016.11.27"]
[Round "6"]
[White "Szeto Sophie  (WA)"]
[Black "Wu Ethan  (WA)"]
[Result "0-1"]
[WhiteElo "1376"]
[BlackElo "1488"]
[Annotator ""]
[Source ""]
[Remark "Class C"]

1.e4 e6 2.d4 d5 3.e5 c5 4.c3 Nc6 5.Nf3 Bd7 6.Be2 Nh6 7.a3 cxd4
8.cxd4 Qb6 9.b4 Nf5 10.Bb2 Be7 11.O-O O-O 12.Qd3 Rac8 13.Nbd2
f6 14.exf6 Rxf6 15.Nb3 Qc7 16.Rac1 Qb8 17.b5 Nd8 18.Ne5 Be8 19.Nc5
Rc7 20.a4 Bd6 21.a5 Bxe5 22.dxe5 Rf8 23.b6 axb6 24.axb6 Rc6 25.Na4
Rxc1 26.Rxc1 Bxa4 27.f4 Bc6 28.Ba3 Re8 29.g4 Nh6 30.Bd6 Qa8 31.f5
Nhf7 32.fxe6 Nxd6 33.exd6 Rxe6 34.g5 Nf7 35.h4 Rxd6 36.Rf1 Qd8
37.Qf5 Qxb6+ 38.Kh2 Qc7 39.Kg1 Qd7 40.Qf2 Qc7 41.h5 Be8 42.Bd3
Qb6 43.Bxh7+ Kxh7 44.g6+ Kg8 45.Qxb6 Rxb6 46.gxf7+ Bxf7 47.Rd1
Rd6 48.Rb1 b6 49.Kf2 Bxh5 50.Ke3 Kf7 51.Kd4 Ke6 52.Rg1 g6 53.Re1+
Kd7 54.Rc1 b5 55.Rb1 Kc6 56.Rb2 Re6 57.Kc3 Re4 58.Rd2 Kc5 59.Kb3
Re3+ 60.Kc2 Re2 61.Rxe2 Bxe2 62.Kd2 Kd4 63.Kc2 Ke3 64.Kb3 d4
65.Kc2 d3+ 66.Kc3 d2 67.Kb4 d1Q 68.Kc5 Ke4 69.Kc6 Ke5 70.Kb6
Kd6 71.Kb7 Qc1 72.Kb6 b4 73.Kb7 Qc7+ 74.Ka8 Bf3# 0-1

[Event "Washington Class Championships"]
[Site "Lynnwood, WA"]
[Date "2016.11.27"]
[Round "6"]
[White "Buck Stephen  (WA)"]
[Black "Yan Jeffrey  (WA)"]
[Result "0-1"]
[WhiteElo "1703"]
[BlackElo "1799"]
[Annotator ""]
[Source ""]
[Remark "Class B"]

1.c4 e5 2.Nc3 Nf6 3.g3 Bb4 4.Bg2 c6 5.Nf3 d6 6.O-O Bxc3 7.dxc3
Be6 8.b3 h6 9.Bb2 Na6 10.Qc2 O-O 11.Rad1 Qc7 12.Nh4 Rfd8 13.Nf5
d5 14.cxd5 cxd5 15.Qb1 Nc5 16.Ne3 Nce4 17.Qa1 Rac8 18.c4 d4 19.Nc2
a5 20.Ne1 a4 21.Nd3 axb3 22.axb3 b5 23.cxb5 Bxb3 24.Rc1 Qd6 25.Qa6
Qb8 26.Rxc8 Rxc8 27.Nxe5 Nc5 28.Qa1 Qxe5 29.Bxd4 Qe6 30.Qa3 Bd5
31.Bxf6 Bxg2 32.Kxg2 Qxf6 33.Rc1 Qb6 34.Qb4 Qb7+ 35.Kg1 Nd7 36.Rxc8+
Qxc8 37.Qe7 g6 38.Qe3 Qb7 39.Qxh6 Qxb5 40.Qe3 Qb1+ 41.Kg2 Nf6
42.h4 Qe4+ 43.Qxe4 Nxe4 44.f3 Nd6 45.g4 Kg7 46.Kg3 Kf6 47.Kf4
Nc4 48.e4 Ne5 49.Kg3 Nd3 50.f4 Nc5 51.Kf3 Ke6 52.Ke3 Nd7 53.Kf3
Nf6 54.e5 Ng8 55.Ke4 Nh6 56.Kf3 Kd5 57.h5 gxh5 58.gxh5 Kd4 59.Kf2
Ke4 60.Kg3 Ke3 61.f5 Nxf5+ 62.Kg4 Ke4 63.Kg5 Kxe5 64.h6 Nxh6
65.Kxh6 f5 66.Kg5 Ke4 67.Kh4 f4 68.Kh3 Ke3 69.Kg2 Ke2 0-1

[Event "Washington Class Championships"]
[Site "Lynnwood, WA"]
[Date "2016.11.27"]
[Round "6"]
[White "Peng Brandon  (WA)"]
[Black "Munkh-Erdene Munkhbileg  (WA)"]
[Result "1/2-1/2"]
[WhiteElo "1457"]
[BlackElo "1447"]
[Annotator ""]
[Source ""]
[Remark "Class C"]

1.d4 Nf6 2.c4 d6 3.Nc3 g6 4.Nf3 Bg7 5.Bf4 O-O 6.g3 Nbd7 7.Bg2
Re8 8.O-O Nb6 9.b3 Bf5 10.Re1 Qd7 11.Qd2 Bh3 12.Bh6 Bxg2 13.Bxg7
Qh3 14.Ng5 Qh5 15.Bxf6 exf6 16.Nxh7 Kxh7 17.Kxg2 Rh8 18.Rh1 Kg7
19.h3 Qf5 20.Qd3 Qd7 21.Qf3 c6 22.Rae1 d5 23.c5 Nc8 24.e4 Ne7
25.exd5 cxd5 26.a4 Rad8 27.Nb5 a6 28.Nd6 Qc7 29.Re2 Nc8 30.Qxd5
Nxd6 31.cxd6 Rxd6 32.Qc5 Qd7 33.Rd2 Rc8 34.Qb4 Qc6+ 35.Kh2 Rh8
36.Rhd1 Qd7 37.h4 Rd5 38.Rh1 g5 39.Kg2 gxh4 40.Qc4 h3+ 41.Kh2
Qf5 42.Qd3 Qd7 43.Rc1 Rd8 44.Rcd1 Qc6 45.Qc4 Qe6 46.Qe2 Qb6 47.Qe3
Qc6 48.f3 Re8 49.Qf4 Qc3 50.Qg4+ Rg5 51.Qf4 Re3 52.Rf2 Qxb3 53.Rdd2
Re1 54.Rfe2 Rxe2+ 55.Rxe2 Qxa4 56.Qd2 Qc6 57.f4 Rd5 58.Qb2 Qd7
59.Rd2 Kg6 60.Qb1+ Kg7 61.Qb4 Kg6 62.Qc4 Kg7 63.Rd3 Qe6 64.g4
Qe2+ 65.Kxh3 Qf1+ 66.Kh4 Qf2+ 67.Kh3 Qf1+ 68.Kg3 Qg1+ 69.Kf3
Qh1+ 1/2-1/2

[Event "Washington Class Championships"]
[Site "Lynnwood, WA"]
[Date "2016.11.27"]
[Round "6"]
[White "Ramasamy Vikram  (WA)"]
[Black "Bishop Alan  (WA)"]
[Result "0-1"]
[WhiteElo "2051"]
[BlackElo "2000"]
[Annotator ""]
[Source ""]
[Remark "Expert"]

1.e4 c5 2.c3 d5 3.exd5 Qxd5 4.d4 Nf6 5.Nf3 e6 6.Na3 Nc6 7.Be2
Be7 8.O-O O-O 9.h3 cxd4 10.Nb5 Qd8 11.Nbxd4 Nxd4 12.Qxd4 Qa5
13.Bf4 Rd8 14.Qc4 Nd5 15.Bg3 Bd7 16.Qb3 b6 17.a4 Rac8 18.Bb5
a6 19.Bxd7 Rxd7 20.Rfd1 Rdd8 21.Rd3 b5 22.Rdd1 b4 23.cxb4 Qxb4
24.Qxb4 Bxb4 25.Rac1 Bc5 26.Ne5 f6 27.Nc4 Bb4 28.Kh2 Kf8 29.Ne3
Nxe3 30.Rxd8+ Rxd8 31.fxe3 e5 32.Be1 Bxe1 33.Rxe1 Rb8 34.Rc1
Rxb2 35.Rc6 a5 36.Ra6 Rb3 37.e4 Rb4 38.Rxa5 Kf7 39.Ra7+ Kg6 40.a5
Rxe4 41.a6 Ra4 42.Kg3 Ra3+ 43.Kf2 f5 44.g3 Kf6 45.Ra8 e4 46.a7
Kg5 47.Ke2 h5 48.Kf1 Ra2 49.Ke1 h4 50.Rh8 Rxa7 51.Rxh4 Ra2 52.Rf4
g6 53.Kf1 Kf6 54.h4 Ke5 55.Kg1 Rd2 56.Kf1 e3 57.Ra4 Rd4 58.Ra6
Ke4 59.Kg2 Rd2+ 60.Kh3 Kf3 61.Rxg6 e2 62.Re6 Rd1 63.Rxe2 Kxe2
64.g4 Rd3+ 65.Kg2 f4 0-1